000 00728nam a2200193Ia 4500
003 GCL
008 140319s9999 xx 000 0 ara d
040 _aGCL /
_cGCL
082 0 4 _a860.6
_bك م
100 1 _aكاسونا، الخاندرو
245 1 0 _aالمنزل ذو الشرفات السبع :
_bكوميديا سوداء من ثلاثة فصول (مسرحية) /
_cكاسونا، الخاندرو
250 _aالاولى
260 _aالقاهرة :
_bالمجلس الوطنى للثقافة والفنون والاداب ،
_c1990
300 _a157 ص ؛
_c18 سم
490 _aابداعات عالمية
_v327
650 0 4 _aالمسرحيات
650 0 4 _aالمسرح - اسبانيا
942 _2ddc
_cBK
999 _c9641
_d9641